Prísna kontrola finančných systémov

Londýnsky summit zoskupenia G 20 v apríli 2009 potvrdil úsilie nájsť východisko z krízy. Vznikla nová, multipolárna konštelácia G 20. Jej členmi už nie sú len USA, Kanada, Európska únia a Japonsko, ale aj čoraz silnejšie ekonomiky sveta ako Čína, Rusko, Brazília, India, Kórea a ďalšie. Obnova, refor...

Celý popis

Uložené v:
Podrobná bibliografia
Hlavný autor: Sotník, Alexander
Médium: Kapitola
Jazyk:Slovak
Predmet:
Tagy: Pridať tag
Žiadne tagy, Buďte prvý, kto otaguje tento záznam!

MARC

LEADER 00000naa$a2200000$$$4500
001 0094639
005 20231016085957.6
041 0 |a slo 
044 |a SK 
245 1 0 |a Prísna kontrola finančných systémov  |c Alexander Sotník 
520 |a Londýnsky summit zoskupenia G 20 v apríli 2009 potvrdil úsilie nájsť východisko z krízy. Vznikla nová, multipolárna konštelácia G 20. Jej členmi už nie sú len USA, Kanada, Európska únia a Japonsko, ale aj čoraz silnejšie ekonomiky sveta ako Čína, Rusko, Brazília, India, Kórea a ďalšie. Obnova, reformovanie, regulácia. Výsledky, ktoré prináša globalizácia. Varianty svetového usporiadania. 
610 2 0 |a summity 
610 2 0 |a kríza finančná 
610 2 0 |a kríza hospodárska 
610 2 0 |a globalizácia 
610 2 0 |a G 20 
610 2 0 |a 2009 
100 1 |a Sotník, Alexander